Birthright: (Record no. 13006)

000 -LEADER
fixed length control field 00615nam a2200193 a 4500
001 - CONTROL NUMBER
control field :::00010824$&:&@@
003 - CONTROL NUMBER IDENTIFIER
control field OkBaRHE
005 - DATE AND TIME OF LATEST TRANSACTION
control field 20000607103402.0
008 - FIXED-LENGTH DATA ELEMENTS--GENERAL INFORMATION
fixed length control field s1979 j 000 0 eng u
040 ## - CATALOGING SOURCE
Transcribing agency
100 1# - MAIN ENTRY--PERSONAL NAME
Personal name Needham, David C., 1929-
245 10 - TITLE STATEMENT
Title Birthright:
Remainder of title Christian, do you know who you are?
260 ## - PUBLICATION, DISTRIBUTION, ETC. (IMPRINT)
Place of publication, distribution, etc Portland, OR., :
Name of publisher, distributor, etc Multnomah Press
Date of publication, distribution, etc c1979
300 ## - PHYSICAL DESCRIPTION
Extent 293 p. ;
Dimensions 23 cm.
650 ## - SUBJECT ADDED ENTRY--TOPICAL TERM
Topical term or geographic name as entry element Christian Life
General subdivision 1960-
650 ## - SUBJECT ADDED ENTRY--TOPICAL TERM
Topical term or geographic name as entry element Identification (Religion)
942 ## - ADDED ENTRY ELEMENTS (KOHA)
Source of classification or shelving scheme
Koha item type Books
Copies
Damaged status Copy number Full call number Barcode Shelving location Lost status Permanent Location Not for loan Koha item type Date acquired Date last seen Withdrawn status Source of classification or shelving scheme Price effective from
 1BV 4501.2 .N4310824General Stacks RHEMA Bible Training College Books2010-04-142010-04-14  2010-04-14